000 00988nam a2200277Ia 4500
003 OSt
005 20220930081546.0
006 a|||||r|||| 00| 0
007 ta
008 220926b |||||||| |||| 00| 0 eng d
024 _a108071
037 _cTheses
040 _aCRL
_cCRL
_beng
041 _2eng
_aeng
100 _aSahni Pooja
_9541566
110 _aUniversity of Delhi. Faculty of Medical Sciences. Department of Pharmacology
_9522434
245 0 _aBlood levels of pyrazinamide in children suffering from tuberculosis at doses administered under the revised national tuberculosis control programme
260 _c2009
300 _a105p.
_ap.
_ccm.
650 _aPHARMACOLOGY
700 _a Dr. G. R. Sethi Gu.
_9532627
700 _a Dr. Vandana Roy Gu.
_9536201
700 _aUniversity of Delhi. Faculty of Medical Sciences. Department of Pharmacology
_9522436
942 _cDIS
_2CC
999 _c871622
_d871622